000 01520nam0a2200337 4500
001 RU\NLR\bibl\1849841
005 20260406031050.0
010 _a978-5-7797-1647-5
_95000
021 _aRU
_b2011-95555
_96858
035 _a(NLR Aleph) 001840237
090 _a2262088
_c2262088
100 _a20111217d2011 |||y0rusy50 ca
101 0 _arus
102 _aRU
105 _aa |||||||||
200 1 _aЕще раз про любовь
_eстихи русских поэтов, вторая половина XIX века
_f[сост.: М.А. Нянковский
_gхудож.: Е.А. Афоничева]
210 _aЯрославль
_cАкадемия развития
_d2011
215 _a191 с.
_cил.
_d9
327 0 _aСодерж.: авт.: А.Н. Апухтин, А.А. Григорьев, Ю.В. Жадовская, А.М. Жемчужников, П.А. Козлов, В.С. Курочкин, Л.А. Мей, С.Я. Надсон, Н.А. Некрасов, И.С. Никитин [и др.]
606 1 _aЛюбовь
_xв художественной литературе
_91555458
_3RU\NLR\auth\66679756
686 _aШ6(2=Р)52-5
686 _aШ6(2=Р)52-94
702 1 _4220
_8rus
_7ca
_aНянковский
_bМ. А.
_f1962-
_gМихаил Александрович
_3RU\NLR\auth\771211
_9111240
702 1 _aАфоничева
_bЕ. А.
_4040
801 0 _aRU
_bNLR
_c20111217
_gRCR
801 1 _aRU
_bNLR
_c20111217
942 _cBOOK
980 _aNB
980 _aNBR